[Event "Challenge"]
[Site "http://www.queenalice.com/game.php?id=458850"]
[Date "2008.9.5"]
[Round "-"]
[White "veronildo"]
[Black "Jane"]
[Result "0-1"]
[WhiteElo "1100"]
[BlackElo "1688"]

1. Nh3 e5 2. e4 Nf6 3. Qh5 Nxh5 4. Kd1 d5 5. f3 dxe4 6. fxe4 Bxh3 7. gxh3 Qf6 8.
b3 Qf3+ 9. Ke1 Qxh1 10. Kd1 Qxf1# 0-1

[Event "Challenge"]
[Site "http://www.queenalice.com/game.php?id=458876"]
[Date "2008.9.5"]
[Round "-"]
[White "veronildo"]
[Black "Jane"]
[Result "0-1"]
[WhiteElo "1057"]
[BlackElo "1672"]

1. Nh3 e5 2. e3 e4 3. b4 d5 4. g4 Nf6 5. Nf4 Bxg4 6. Nxd5 Bxd1 7. Nxf6+ Qxf6 8.
Nc3 Bxc2 9. Bh3 Bxb4 10. a4 Bxc3 11. dxc3 Qxc3+ 12. Ke2 Qd3+ 13. Ke1 Qd1# 0-1

[Event "AUTO-OPEN-1254"]
[Site "http://www.queenalice.com/game.php?id=458933"]
[Date "2008.9.6"]
[Round "1"]
[White "veronildo"]
[Black "Boeing"]
[Result "0-1"]
[WhiteElo "992"]
[BlackElo "1912"]

1. e3 e5 2. c3 e4 3. Qh5 Nf6 4. Qe5+ Be7 5. b4 Nc6 6. Qg3 O-O 7. b5 Na5 8. a3
Nb3 9. Bb2 Nxa1 10. Bxa1 Bd6 0-1

[Event "AUTO-OPEN-1254"]
[Site "http://www.queenalice.com/game.php?id=458944"]
[Date "2008.9.6"]
[Round "1"]
[White "SacMaster"]
[Black "veronildo"]
[Result "1-0"]
[WhiteElo "1910"]
[BlackElo "1044"]

1. e4 c5 2. Nf3 Na6 3. Nc3 h6 4. Bc4 e6 5. O-O Qa5 6. d4 cxd4 7. Nxd4 e5 8. Nf5
Qc5 9. Bb3 d6 10. Nd5 Nb4 11. Be3 g6 12. Bxc5 dxc5 13. Nc7# 1-0

[Event "AUTO-OPEN-1254"]
[Site "http://www.queenalice.com/game.php?id=458945"]
[Date "2008.9.6"]
[Round "1"]
[White "veronildo"]
[Black "SacMaster"]
[Result "0-1"]
[WhiteElo "992"]
[BlackElo "2016"]

1. e3 g6 2. g3 Bg7 3. Nh3 Nf6 4. Bd3 O-O 5. Ng5 d5 6. Nf3 c5 7. O-O Bh3 8. Re1
Nc6 9. c3 Ne4 10. Qa4 c4 11. Be2 e5 12. d4 exd4 13. cxd4 Qf6 14. Rd1 Bg4 15. h4
Bxf3 16. Bxf3 Qxf3 17. Rf1 g5 18. Kh2 gxh4 19. gxh4 Nxf2 0-1

[Event "herbt"]
[Site "http://www.queenalice.com/game.php?id=460404"]
[Date "2008.9.8"]
[Round "-"]
[White "veronildo"]
[Black "Betin_cC"]
[Result "0-1"]
[WhiteElo "1057"]
[BlackElo "1569"]

1. Nf3 e6 2. c4 Qf6 3. d4 Bb4+ 4. Nbd2 e5 5. Nxe5 d6 6. Nd3 Ba5 7. Qa4+ c6 8. g3
Bb6 9. e3 Nh6 10. Be2 O-O 11. O-O Bh3 12. Re1 Nd7 13. Qc2 Qg6 14. a4 f5 15. b4
f4 16. Nxf4 Qxc2 17. Ne6 Rf6 18. Nf4 Qc3 19. Rd1 Qxa1 20. Nh5 Re6 21. f4 Rf8 22.
Nb3 Qb1 23. Na5 Qe4 24. Nxb7 Qg2# 0-1

[Event "Challenge"]
[Site "http://www.queenalice.com/game.php?id=460405"]
[Date "2008.9.8"]
[Round "-"]
[White "Jane"]
[Black "veronildo"]
[Result "1-0"]
[WhiteElo "1611"]
[BlackElo "1057"]

1. e4 c5 2. Bc4 Qa5 3. Nc3 Qa4 4. Nxa4 g6 5. Nxc5 Bh6 6. Qf3 d6 7. Qxf7+ Kd8 8.
Ne6+ Bxe6 9. Bxe6 Bg5 10. Nf3 Bh4 11. Nxh4 h6 12. Nxg6 Kc7 13. Nxh8 1-0

[Event "AUTO-BEG-248"]
[Site "http://www.queenalice.com/game.php?id=460514"]
[Date "2008.9.9"]
[Round "1"]
[White "Thris"]
[Black "veronildo"]
[Result "1-0"]
[WhiteElo "1372"]
[BlackElo "990"]

1. d4 Na6 2. e4 Nh6 3. Nf3 c6 4. Bxh6 gxh6 5. Nc3 e6 6. Bd3 Qa5 7. O-O Qb6 8. d5
cxd5 9. exd5 Qxb2 10. Qd2 exd5 11. Nxd5 Bg7 12. Qe3+ Qe5 13. Nxe5 f6 14. Ng6+
1-0

[Event "AUTO-BEG-248"]
[Site "http://www.queenalice.com/game.php?id=460515"]
[Date "2008.9.9"]
[Round "1"]
[White "veronildo"]
[Black "Thris"]
[Result "0-1"]
[WhiteElo "988"]
[BlackElo "1374"]

1. Nh3 e5 2. g3 d5 3. Bg2 Nf6 4. c3 Nc6 5. Qb3 Be6 6. O-O Bd6 7. Qxb7 Bd7 8.
Bxd5 Nxd5 9. Qb3 Be6 10. Qb5 Qd7 11. d3 Bxh3 12. Qxd5 Bxf1 13. Kxf1 O-O 14. b3
Qh3+ 0-1

[Event "AUTO-BEG-248"]
[Site "http://www.queenalice.com/game.php?id=460526"]
[Date "2008.9.9"]
[Round "1"]
[White "holeripla"]
[Black "veronildo"]
[Result "1-0"]
[WhiteElo "1340"]
[BlackElo "998"]

1. Nf3 Na6 2. d3 b6 3. e3 Nf6 4. Nc3 g5 5. Nxg5 Bh6 6. Nf3 O-O 7. d4 d6 8. Bxa6
Bxa6 9. a4 Qd7 10. a5 bxa5 11. Rxa5 Bc4 12. b3 Be6 13. d5 a6 14. dxe6 fxe6 15.
b4 Rfb8 16. Qd3 Kf8 17. Rxa6 Rxa6 18. Qxa6 Ng4 19. Qa7 Rxb4 20. Qa8+ Kf7 21. O-O
1-0

[Event "AUTO-BEG-248"]
[Site "http://www.queenalice.com/game.php?id=460527"]
[Date "2008.9.9"]
[Round "1"]
[White "veronildo"]
[Black "holeripla"]
[Result "0-1"]
[WhiteElo "995"]
[BlackElo "1342"]

1. Nc3 Nf6 2. b3 Nc6 3. Nf3 e5 4. g4 h6 5. Bh3 e4 6. O-O exf3 7. exf3 Be7 8. Qe1
O-O 9. Qe3 a5 10. Ba3 Bxa3 11. Na4 b5 12. Nc3 Re8 13. Qd3 Ne5 14. Nxb5 Nxd3 15.
cxd3 Bb2 16. Rab1 Bd4 17. Nxd4 a4 18. bxa4 Rxa4 19. Nb3 Rxa2 20. Na1 Rxd2 21.
Rbd1 Rde2 0-1

[Event "Challenge"]
[Site "http://www.queenalice.com/game.php?id=460862"]
[Date "2008.9.9"]
[Round "-"]
[White "veronildo"]
[Black "dandi27"]
[Result "0-1"]
[WhiteElo "1019"]
[BlackElo "1057"]

1. Nh3 d5 2. e3 Nc6 3. Bd3 Nf6 4. O-O Bg4 5. Qxg4 Nxg4 6. Bf5 Nh6 7. Bd3 Ng4 8.
f3 Nge5 9. Re1 Qd7 10. Na3 g5 11. Nxg5 Rg8 12. Nxh7 Qe6 13. Bb5 Qg6 14. Nxf8
Qxg2# 0-1

[Event "veronildo T."]
[Site "http://www.queenalice.com/game.php?id=460867"]
[Date "2008.9.9"]
[Round "-"]
[White "veronildo"]
[Black "Jake"]
[Result "0-1"]
[WhiteElo "1035"]
[BlackElo "1199"]

1. Nf3 e6 2. e4 Nf6 3. Be2 Nxe4 4. Bd3 d5 5. Ne5 Bc5 6. Qh5 Bxf2+ 7. Kd1 Bd4 8.
Nxf7 Kd7 9. Nxd8 Nf2+ 10. Ke1 Nxh1 11. Nf7 Rf8 12. Bb5+ c6 13. Ba4 Na6 14. Ne5+
Kc7 15. Nd3 b5 16. Bb3 g6 0-1

[Event "Challenge"]
[Site "http://www.queenalice.com/game.php?id=460868"]
[Date "2008.9.9"]
[Round "-"]
[White "veronildo"]
[Black "Jane"]
[Result "0-1"]
[WhiteElo "992"]
[BlackElo "1676"]

1. Nf3 d6 2. e3 Bg4 3. Nh4 Bxd1 4. Kxd1 e5 5. Nc3 Qxh4 6. Ke1 Nf6 7. g3 Qg5 8.
Bh3 Nc6 9. b3 d5 10. Rg1 Bb4 11. Nxd5 Nxd5 12. a3 Ba5 13. b4 Bb6 0-1

[Event "Challenge"]
[Site "http://www.queenalice.com/game.php?id=468118"]
[Date "2008.9.25"]
[Round "-"]
[White "veronildo"]
[Black "Betin_cC"]
[Result "0-1"]
[WhiteElo "1039"]
[BlackElo "1381"]

1. Nf3 b6 2. Ne5 Bb7 3. Nc3 d6 4. Nc4 e5 5. e4 Qf6 6. Nb5 d5 7. exd5 Qe7 8. c3
Bxd5 9. b3 Qc5 10. a4 Be7 11. Nxe5 Nf6 0-1

[Event "VCL"]
[Site "http://www.queenalice.com/game.php?id=468119"]
[Date "2008.9.25"]
[Round "-"]
[White "veronildo"]
[Black "Betin_cC"]
[Result "0-1"]
[WhiteElo "1044"]
[BlackElo "1378"]

1. Nc3 e6 2. Nf3 d5 3. e3 h5 4. Qe2 Rh6 5. Ne5 Qd6 6. d4 g6 7. Nf3 e5 8. dxe5
Qc5 9. g4 hxg4 10. Nd4 Bg7 0-1